000 00873nam a2200265Ia 4500
003 OSt
005 20220930074539.0
006 a|||||r|||| 00| 0
007 ta
008 220926b |||||||| |||| 00| 0 eng d
024 _a74944
037 _cTheses
040 _aCRL
_cCRL
_beng
041 _2eng
_aeng
100 _aMillicans Versha
_9534120
110 _aUniversity of Delhi. Faculty of Arts. Department of Psychology
_9169788
245 0 _aStudy of attempted suicide and homicide cases
_b Socio-demographic, socio-psychological and pathological factors
260 _c1998
300 _a247p.
_ap.
_ccm.
650 _aPSYCHOLOGY
700 _a Dr. V Veeraraghavan Gu.
_9534121
700 _aUniversity of Delhi. Faculty of Arts. Department of Psychology
_9169789
942 _cDIS
_2CC
999 _c866665
_d866665